<?xml version="1.0" encoding="UTF-8"?>
<record
    xmlns:xsi="http://www.w3.org/2001/XMLSchema-instance"
    xsi:schemaLocation="http://www.loc.gov/MARC21/slim http://www.loc.gov/standards/marcxml/schema/MARC21slim.xsd"
    xmlns="http://www.loc.gov/MARC21/slim">

  <leader>01588nam a22002897a 4500</leader>
  <controlfield tag="005">20100605102842.0</controlfield>
  <controlfield tag="008">100605t        xxu||||| |||| 00| 0 hin d</controlfield>
  <datafield tag="010" ind1=" " ind2=" ">
    <subfield code="a">HIN-89503</subfield>
  </datafield>
  <datafield tag="020" ind1=" " ind2=" ">
    <subfield code="a">9789350002421</subfield>
    <subfield code="c">200.00</subfield>
  </datafield>
  <datafield tag="035" ind1=" " ind2=" ">
    <subfield code="a">HN-61849</subfield>
  </datafield>
  <datafield tag="037" ind1=" " ind2=" ">
    <subfield code="b">DBAD / PUB</subfield>
  </datafield>
  <datafield tag="040" ind1=" " ind2=" ">
    <subfield code="a">DPL</subfield>
    <subfield code="b">HN</subfield>
  </datafield>
  <datafield tag="082" ind1=" " ind2=" ">
    <subfield code="a">&#x909;</subfield>
  </datafield>
  <datafield tag="100" ind1=" " ind2=" ">
    <subfield code="a">&#x90F;&#x923;&#x94D;&#x921;&#x930;&#x94D;&#x938;&#x928;, &#x932;&#x93E;&#x930;&#x94D;&#x936;</subfield>
    <subfield code="9">18332</subfield>
  </datafield>
  <datafield tag="245" ind1=" " ind2=" ">
    <subfield code="a">&#x92E;&#x939;&#x93E;&#x92E;&#x93E;&#x930;&#x940; &#x930;&#x93E;&#x91C;&#x93E; &#x915;&#x93E; &#x906;&#x916;&#x94D;&#x92F;&#x93E;&#x928; /</subfield>
    <subfield code="c">&#x932;&#x93E;&#x930;&#x94D;&#x936; &#x90F;&#x923;&#x94D;&#x921;&#x930;&#x94D;&#x938;&#x928;; &#x915;&#x941;&#x936;&#x935;&#x93E;&#x939;&#x93E;, &#x92A;&#x942;&#x930;&#x94D;&#x935;&#x93E; &#x92F;&#x93E;&#x91C;&#x94D;&#x91E;&#x93F;&#x915; &#x926;&#x94D;&#x935;&#x93E;&#x930;&#x93E; &#x905;&#x902;&#x917;&#x94D;&#x930;&#x947;&#x91C;&#x940; &#x938;&#x947; &#x905;&#x928;&#x941;&#x935;&#x93E;&#x926;; &#x924;&#x947;&#x91C;&#x940; &#x917;&#x94D;&#x930;&#x94B;&#x935;&#x930; &#x90F;&#x935;&#x902; &#x905;&#x92E;&#x93F;&#x924; &#x926;&#x94D;&#x935;&#x93E;&#x930;&#x93E; &#x938;&#x902;&#x92A;&#x93E;&#x926;&#x915;&#x940;&#x92F; &#x92A;&#x930;&#x93E;&#x92E;&#x930;&#x94D;&#x936;</subfield>
  </datafield>
  <datafield tag="246" ind1=" " ind2=" ">
    <subfield code="a">Mahamari raja ka aakhyan</subfield>
    <subfield code="b">by Lars Andersson; Tran by Purwa Yagnik Kushwaha; Ed by Teji Grover&amp; Amit</subfield>
  </datafield>
  <datafield tag="260" ind1=" " ind2=" ">
    <subfield code="a">&#x928;&#x908; &#x926;&#x93F;&#x932;&#x94D;&#x932;&#x940;</subfield>
    <subfield code="b">&#x935;&#x93E;&#x923;&#x940; &#x92A;&#x94D;&#x930;&#x915;&#x93E;&#x936;&#x928;</subfield>
    <subfield code="c">2010</subfield>
  </datafield>
  <datafield tag="270" ind1=" " ind2=" ">
    <subfield code="a">4695,21-&#x90F;, &#x926;&#x930;&#x93F;&#x92F;&#x93E;&#x917;&#x902;&#x91C;</subfield>
    <subfield code="b">&#x928;&#x908; &#x926;&#x93F;&#x932;&#x94D;&#x932;&#x940;</subfield>
    <subfield code="e">110002</subfield>
  </datafield>
  <datafield tag="300" ind1=" " ind2=" ">
    <subfield code="a">101&#x92A;&#x943;</subfield>
    <subfield code="c">22&#x938;&#x947;&#x92E;&#x940; (&#x938;&#x91C;&#x93F;&#x932;&#x94D;&#x926;)</subfield>
  </datafield>
  <datafield tag="650" ind1=" " ind2=" ">
    <subfield code="a">&#x939;&#x93F;&#x928;&#x94D;&#x926;&#x940; &#x915;&#x925;&#x93E; &#x938;&#x93E;&#x939;&#x93F;&#x924;&#x94D;&#x92F;</subfield>
    <subfield code="9">657</subfield>
  </datafield>
  <datafield tag="650" ind1=" " ind2=" ">
    <subfield code="a">hindi fiction</subfield>
    <subfield code="9">18333</subfield>
  </datafield>
  <datafield tag="700" ind1=" " ind2=" ">
    <subfield code="a">&#x915;&#x941;&#x936;&#x935;&#x93E;&#x939;&#x93E;, &#x92A;&#x942;&#x930;&#x94D;&#x935;&#x93E; &#x92F;&#x93E;&#x91C;&#x94D;&#x91E;&#x93F;&#x915;</subfield>
    <subfield code="9">18334</subfield>
  </datafield>
  <datafield tag="700" ind1=" " ind2=" ">
    <subfield code="a">&#x917;&#x94D;&#x930;&#x94B;&#x935;&#x930;, &#x924;&#x947;&#x91C;&#x940;</subfield>
    <subfield code="9">18335</subfield>
  </datafield>
  <datafield tag="700" ind1=" " ind2=" ">
    <subfield code="a">&#x905;&#x92E;&#x93F;&#x924;</subfield>
    <subfield code="9">18336</subfield>
  </datafield>
  <datafield tag="942" ind1=" " ind2=" ">
    <subfield code="2">ddc</subfield>
    <subfield code="c">HN</subfield>
    <subfield code="m">&#x90F;&#x923;&#x94D;&#x921;&#x930;&#x94D;&#x938;</subfield>
  </datafield>
  <datafield tag="999" ind1=" " ind2=" ">
    <subfield code="c">36605</subfield>
    <subfield code="d">36605</subfield>
  </datafield>
  <datafield tag="952" ind1=" " ind2=" ">
    <subfield code="0">0</subfield>
    <subfield code="1">0</subfield>
    <subfield code="2">ddc</subfield>
    <subfield code="4">0</subfield>
    <subfield code="7">1</subfield>
    <subfield code="8">NFIC</subfield>
    <subfield code="a">DBAD</subfield>
    <subfield code="b">DBAD</subfield>
    <subfield code="d">2010-06-07</subfield>
    <subfield code="e">DBAD / PUB</subfield>
    <subfield code="g">200.00</subfield>
    <subfield code="l">0</subfield>
    <subfield code="o">&#x90F;&#x923;&#x94D;&#x921;&#x930;&#x94D;&#x938;</subfield>
    <subfield code="p">HN-61849</subfield>
    <subfield code="r">2010-06-07 00:00:00</subfield>
    <subfield code="t">1</subfield>
    <subfield code="v">200.00</subfield>
    <subfield code="w">2010-06-07</subfield>
    <subfield code="y">HN</subfield>
  </datafield>
</record>
